Ordinary differential equations with application / Ali Mason. (Record no. 17215)

000 -LEADER
fixed length control field 00381nam a22001337a 4500
020 ## - INTERNATIONAL STANDARD BOOK NUMBER
ISBN 9781788820851
082 ## - DEWEY DECIMAL CLASSIFICATION NUMBER
Classification number 515.35
Item number M3982 2018
100 ## - MAIN ENTRY--AUTHOR NAME
Personal name Mason, Ali, author.
245 ## - TITLE STATEMENT
Title Ordinary differential equations with application / Ali Mason.
260 ## - PUBLICATION, DISTRIBUTION, ETC. (IMPRINT)
Place of publication London :
Name of publisher ED-Tech Press,
Year of publication c2018.
300 ## - PHYSICAL DESCRIPTION
Number of Pages x, 273 pages ;
Other physical details 26 cm.
650 ## - SUBJECT ADDED ENTRY--TOPICAL TERM
Topical Term Differential equations.
942 ## - ADDED ENTRY ELEMENTS (KOHA)
Koha item type Books
Holdings
Source of acquisition Permanent Location Date acquired Koha item type Collection code Accession Number Lost status Shelving location Withdrawn status Current Location Full call number
SchoolCagayan State University - Carig Library2022-07-19BooksPure Sciences009781 General Collection Cagayan State University - Carig Library515.35 M3982 2018

Cagayan State University University Library, Carig Campus
Tuguegarao City, Cagayan 3500 | www.csucarig.edu.ph

Powered by Koha